Normal view
MARC view
- Supervisor : Assistant Professor Owais Ahmed Malik
Entry Personal Name
001 - CONTROL NUMBER
- control field: 91912
003 - CONTROL NUMBER IDENTIFIER
- control field: NUST
005 - DATE AND TIME OF LATEST TRANSACTION
- control field: 20220527124535.0
008 - FIXED-LENGTH DATA ELEMENTS
- fixed length control field: 220527|| aca||aabn | a|a d
040 ## - CATALOGING SOURCE
- Original cataloging agency: NUST
- Transcribing agency: NUST
100 ## - HEADING--PERSONAL NAME
- Personal name: Supervisor : Assistant Professor Owais Ahmed Malik
670 ## - SOURCE DATA FOUND
- Source citation: Work cat.: (NUST): Adil Mehmood,Mahboob Ur Rehman,Zahid Ahmed 31354, Web Based Exploratory Data Analysis Tool Using Data Mining Techniques , 2011
